Imatges dels masos de Collsuspina /
ISBN:
9788409090242
Descripción Física:
118 pàgines ; Il·lustracions color ; 21 cm
Idioma:
Catalán
MARC
| LEADER | 00000nam a22000007a 4500 | ||
|---|---|---|---|
| 001 | 25141 | ||
| 008 | 220222b spa||||| |||| 00| 0 cat d | ||
| 017 | |a B 6812-2019 | ||
| 020 | |a 9788409090242 | ||
| 100 | 1 | |9 52478 |a Pagès, Mariano | |
| 245 | |a Imatges dels masos de Collsuspina / |c edita: ajuntament de Collsuspina ; autor: Mariano Pagès d'Urso | ||
| 250 | |b Març de 2019 | ||
| 260 | |a Barcelona : |b Ajuntament de Collsuspina ; |c 2019 | ||
| 300 | |a 118 pàgines ; |b Il·lustracions color ; |c 21 cm | ||
| 650 | 0 | |9 52525 |a Masos, masies, etc. |x Collsuspina (Catalunya) | |
| 650 | 0 | |9 52526 |a Masos, masies, etc. |v Fotografies | |
| 942 | |2 udc |c ARXIU |n 1 | ||
| 952 | |0 0 |1 0 |4 0 |6 BIB443 |7 1 |9 61016 |a Arxiu |b Arxiu |d 2022-02-22 |l 0 |o Bib-443 |p 25171 |r 2022-02-22 00:00:00 |w 2022-02-22 |y ARXIU | ||
| 999 | |c 81140 |d 81140 | ||